000 00611nam a2200229Ia 4500
003 OSt
005 20220918205612.0
006 a|||||r|||| 00| 0
007 ta
008 220917b |||||||| |||| 00| 0 eng d
024 _a117,242
037 _cTextual
040 _aARTS
_cARTS
_beng
041 _2eng
_aeng
082 _aV6:1:N5, K32 (906)
100 _aCarier Gwendolen M ed
_9115619
245 0 _aFive African states
_b responses to diversity
260 _c1963
650 _aHISTORY
942 _hV6:1:N5, K32 (906)
_cTEXL
_2CC
999 _c240530
_d240530